Působení fenoménu brain drain v ČR a jeho možná rizika
Teoretická analýza fenoménu brain drain (únik mozgov). Historický pohľad. Pojem odborník podľa OECD. Migračné postoje terciálne vzdelaných ľudí vo vzťahu k celkovej českej populácie.
Salvato in:
| Autore principale: | |
|---|---|
| Natura: | Capitolo di libro |
| Lingua: | ceco |
| Soggetti: | |
| Tags: |
Nessun Tag, puoi essere il primo ad aggiungerne!!
|
MARC
| LEADER | 00000naa$a2200000$$$4500 | ||
|---|---|---|---|
| 001 | 0103912 | ||
| 005 | 20220713131250.9 | ||
| 041 | 0 | |a cze | |
| 044 | |a CZ | ||
| 245 | 1 | 0 | |a Působení fenoménu brain drain v ČR a jeho možná rizika |c Jana Vavrečková |
| 520 | |a Teoretická analýza fenoménu brain drain (únik mozgov). Historický pohľad. Pojem odborník podľa OECD. Migračné postoje terciálne vzdelaných ľudí vo vzťahu k celkovej českej populácie. | ||
| 610 | 2 | 0 | |a únik mozgov |
| 610 | 2 | 0 | |a pohyb síl pracovných |
| 610 | 2 | 0 | |a pohyb síl pracovných medzinárodný |
| 610 | 2 | 0 | |a Česko |
| 610 | 2 | 0 | |a migrácia |
| 100 | 1 | |a Vavrečková, Jana | |